| 000 | 00645nam a22002173a 4500 | ||
|---|---|---|---|
| 005 | 20251114063932.0 | ||
| 008 | 010628s1992 ag r 000 0 spa d | ||
| 020 | _a9507010386 | ||
| 035 | _aUPN01000108984 | ||
| 049 | _aCG | ||
| 050 | 4 |
_aLC5148 A7 _bF6.4 1992 |
|
| 100 | 1 |
_aFainholc, Beatriz _931439 |
|
| 245 | 1 | 0 |
_aEducación rural : _btemas claves / _cBeatriz Fainholc. |
| 250 | _a2a ed. | ||
| 260 |
_a[Buenos Aires] : _bAique, _c[1992]. |
||
| 300 | _a58 p. | ||
| 440 | 0 |
_aBiblioteca de temas pedagógicos. _pDidáctica |
|
| 650 | 4 |
_aEducación rural _zArgentina _919217 |
|
| 650 | 4 |
_aESCUELAS RURALES - _zARGENTINA _915496 |
|
| 905 | _aLibro | ||
| 999 |
_c82895 _d82895 |
||